UM Logo

Fault current bypass-based LVDC solid-state circuit breakers / (Record no. 18781)

MARC details
000 -LEADER
fixed length control field 00883nam a22002057a 4500
005 - DATE AND TIME OF LATEST TRANSACTION
control field 20251008164346.0
008 - FIXED-LENGTH DATA ELEMENTS--GENERAL INFORMATION
fixed length control field 240126b ||||| |||| 00| 0 eng d
082 ## - DEWEY DECIMAL CLASSIFICATION NUMBER
Classification number DPer 621.317 Ie21 January 2022 v. 37 n. 1
100 ## - MAIN ENTRY--PERSONAL NAME
Personal name Kheirollahi, Reza.
Relator term author.
9 (RLIN) 50851
245 ## - TITLE STATEMENT
Title Fault current bypass-based LVDC solid-state circuit breakers /
Statement of responsibility, etc. Reza Kheirollahi, Shuyan Zhao, and Fei Lu.
260 ## - PUBLICATION, DISTRIBUTION, ETC. (IMPRINT)
Place of publication, distribution, etc. New York ;
Name of publisher, distributor, etc. The Institute of Electrical and Electronics Engineers, Inc. ,
Date of publication, distribution, etc. January 2022.
300 ## - PHYSICAL DESCRIPTION
Extent Volume 37, pages 7-13 :
Other physical details illustration ;
Dimensions 28 cm.
500 ## - GENERAL NOTE
General note IEEE Transactions on Power Electronic, v. 37 n. 1, pages 7-13, January 2022.
650 ## - SUBJECT ADDED ENTRY--TOPICAL TERM
Topical term or geographic name as entry element Electric circuits.
9 (RLIN) 57007
650 ## - SUBJECT ADDED ENTRY--TOPICAL TERM
Topical term or geographic name as entry element Electric currents.
9 (RLIN) 57008
700 ## - ADDED ENTRY--PERSONAL NAME
Personal name Kheirollahi, Reza.
Relator term author.
9 (RLIN) 50851
700 ## - ADDED ENTRY--PERSONAL NAME
Personal name Zhao, Shuyan.
Relator term author.
9 (RLIN) 50852
700 ## - ADDED ENTRY--PERSONAL NAME
Personal name Lu, Fei.
Relator term author.
9 (RLIN) 50853
942 ## - ADDED ENTRY ELEMENTS (KOHA)
Source of classification or shelving scheme Dewey Decimal Classification
Koha item type Periodicals
Holdings
Withdrawn status Lost status Source of classification or shelving scheme Damaged status Not for loan Collection code Home library Current library Date acquired Total Checkouts Full call number Date last seen Price effective from Koha item type Public note
    Dewey Decimal Classification     Periodicals UM Digos College - LIC UM Digos College - LIC 01/26/2024   DPer 621.317 Ie21 January 2022 v. 37 n. 1 01/26/2024 01/26/2024 Periodicals Periodical Article